| 000 | 00895ngm a22003130a 4500 | ||
|---|---|---|---|
| 001 | PT19003 | ||
| 003 | AR-LpoUNG | ||
| 005 | 20210201232244.0 | ||
| 007 | co ||u|||uuuuu | ||
| 008 | 191001s2001||||ag |||||||||||||||||spa d | ||
| 020 |
_a9879285123 _c$30.3 |
||
| 040 |
_aAR-LpoUNG _bspa _cAR-LpoUNG _eaacr |
||
| 041 | _aspa | ||
| 044 | _aag | ||
| 082 | 0 | _a910.982 992atl | |
| 100 | 1 | _aBuzai, Gustavo Daniel | |
| 245 | 1 | 0 | _aAtlas digital de Luján |
| 260 |
_aBuenos Aires : _bUniversidad Nacional de Luján, _c2001. |
||
| 520 | _aAtlas geográfico; Tecnología multicapa; Galería de Imágenes; Propuestas educativas; Glosario de términos geográficos. | ||
| 650 | 4 | _aARGENTINA | |
| 650 | 4 | _aCARTOGRAFIA | |
| 650 | 4 | _aGEOGRAFIA | |
| 650 | 4 | _aMAPAS | |
| 650 | 4 | _aPOBLACION | |
| 651 | 4 | _aArgentina | |
| 710 | 2 | _aUniversidad Nacional de Luján | |
| 905 | _a19003 | ||
| 942 | _cCDDVD | ||
| 999 |
_c53122 _d53122 |
||